ბათუმის შოთა რუსთაველის სახელმწიფო უნივერსიტეტის ბიბლიოთეკა

21ST CENTURY ASTRONOMY : (ბიბ.ჩანაწერი № 61322)

000 -LEADER
fixed length control field 00714nam a22002177a 4500
005 - DATE AND TIME OF LATEST TRANSACTION
control field 20240212145256.0
008 - FIXED-LENGTH DATA ELEMENTS--GENERAL INFORMATION
fixed length control field 240212s2022 enk||||| |||| 00| 0 eng d
020 ## - INTERNATIONAL STANDARD BOOK NUMBER
International Standard Book Number 9780393539158x
041 ## - LANGUAGE CODE
Language code of text/sound track or separate title eng
080 ## - UNIVERSAL DECIMAL CLASSIFICATION NUMBER
Universal Decimal Classification number 52.6 P-17
100 ## - MAIN ENTRY--PERSONAL NAME
Personal name Palen, S.
9 (RLIN) 21217
245 ## - TITLE STATEMENT
Title 21ST CENTURY ASTRONOMY :
Remainder of title Stars and Galaxies /
Statement of responsibility, etc. Stacy Palen, George Blumenthal.
250 ## - EDITION STATEMENT
Edition statement Seventh Edition
264 ## - PRODUCTION, PUBLICATION, DISTRIBUTION, MANUFACTURE, AND COPYRIGHT NOTICE
Place of production, publication, distribution, manufacture New York :
Name of producer, publisher, distributor, manufacturer W.W. Norton & Company,
Date of production, publication, distribution, manufacture, or copyright notice 2022.
300 ## - PHYSICAL DESCRIPTION
Extent 710 p. :
Other physical details ill. ;
Dimensions 28 cm.
653 ## - INDEX TERM--UNCONTROLLED
keyword ასტრონომია
653 ## - INDEX TERM--UNCONTROLLED
keyword გალაქტიკა
653 ## - INDEX TERM--UNCONTROLLED
keyword ვარსვლავები
700 ## - ADDED ENTRY--PERSONAL NAME
Personal name Blumenthal, George
Relator term ავტორი
9 (RLIN) 21218
942 ## - ADDED ENTRY ELEMENTS (KOHA)
Source of classification or shelving scheme
Koha item type წიგნი
ეგზემპლარები
Withdrawn status Lost status Source of classification or shelving scheme Damaged status Not for loan Permanent Location Current Location Shelving location Date acquired Cost, normal purchase price Full call number Barcode Date last seen Copy number Price effective from Koha item type Public note
          ბათუმის შოთა რუსთაველის სახელმწიფო უნივერსიტეტის მთავარი ბიბლიოთეკა ბათუმის შოთა რუსთაველის სახელმწიფო უნივერსიტეტის მთავარი ბიბლიოთეკა წიგნსაცავი 2024-02-12 373.00 52.6 P-17 67249 2024-02-12 67249 2024-02-12 წიგნი 373 ლ.
          ბათუმის შოთა რუსთაველის სახელმწიფო უნივერსიტეტის მთავარი ბიბლიოთეკა ბათუმის შოთა რუსთაველის სახელმწიფო უნივერსიტეტის მთავარი ბიბლიოთეკა წიგნსაცავი 2024-02-12 373.00 52.6 P-17 67250 2024-02-12 67250 2024-02-12 წიგნი 373 ლ.